| 000 | 00542nam a2200181Ia 4500 | ||
|---|---|---|---|
| 008 | 100917s9999 xx 000 0 und d | ||
| 082 | _b8368 | ||
| 100 | _aमोकाशी दि. बा. - अनु. | ||
| 245 | _aजेम्स बाँड - थंडर बॉल | ||
| 260 |
_b--- _c1968 |
||
| 300 | _a183 | ||
| 365 | _b3 | ||
| 520 | _aकथा | ||
| 630 | _aजेम्स बाँड - थंडर बॉल | ||
| 650 | _aकथा | ||
| 730 | _aजेम्स बाँड - थंडर बॉल | ||
| 942 | _cBOOK | ||
| 999 |
_c613762 _d613759 |
||